Statistics for African Geography by Letter - N

Click here to take the quiz!

General Stats

  • This quiz has been taken 165 times
    (91 since last reset)
  • The average score is 12 of 20

Answer Stats

HintAnswer% Correct
Capital of KenyaNairobi
100%
World's longest river, maybeNile
100%
Longest river in West AfricaNiger
91%
Nickname for the Nigerian
film industry
{Nolly}wood
87%
Country that founded Cape TownNetherlands
85%
Term for a migratory people
such as the Maasai
Nomad
84%
Capital of ChadN'djamena
70%
Ancient region in northern SudanNubia
66%
Possibly world's oldest desertNamib
65%
Mauritania's capital and main portNouakchott
63%
National capital located on that riverNiamey
61%
Former name of ZambiaNorthern Rhodesia
54%
Reservoir built in that river;
named for an Egyptian President
Nasser
53%
South African provinceKwaZulu-{Natal}
44%
Another name for the
Giza pyramid complex
Giza {Necro}polis
42%
Former name of Malawi{Nyasa}land
41%
South African provinceNorthern Cape
25%
One of the official languages
of South Africa
Ndebele |
Northern Sotho
22%
Nigeria's currencyNaira
16%
South African provinceNorth West
14%

Score Distribution

Percentile by Number Answered

Percent of People with Each Score

Your Score History

You have not taken this quiz since the last reset